| 000 | 00816nam a22001937a 4500 | ||
|---|---|---|---|
| 005 | 20240214170444.0 | ||
| 010 | _aHIN-126886 | ||
| 020 |
_a9789392186912 _c695.00 |
||
| 035 | _aHN-99232 | ||
| 037 | _bDBAD/PUB | ||
| 082 | _aउ | ||
| 100 |
_aशर्मा,नासिरा _962087 |
||
| 245 |
_aअल्फ़ा-बीटा-गामा/ _cनासिरा शर्मा |
||
| 260 |
_aप्रयागराज _bलोकभारती प्रकाशन _c2023 |
||
| 270 |
_aपहली मंजिल, दरबारी बिल्डिंग, महात्मा गाँधी मार्ग _bप्रयागराज _e211002 |
||
| 300 |
_a215 पृष्ठ; _c23 सेमी (सजिल्द) |
||
| 710 | _962066 | ||
| 942 |
_cHN _2ddc _hउ _mशर्माना |
||
| 999 |
_c200744 _d200744 |
||